000 00718 a2200229 4500
001 105545
020 _a9780439114943
041 _apor
090 _aP Year 5 921
092 _a00058376
100 _aKerley, Barbara.
250 _a1st ed.
300 _a[48] p.
697 _aHawkins, B. Waterhouse (Benjamin Waterhouse), 1807-1889.
697 _aModelmakers - Biography.
697 _aDinosaurs.
856 _u00000a/00000a10.jpeg
040 _aBR-BrIDEA
_cBR-BrIDEA
245 1 0 _aThe dinosaurs of Waterhouse Hawkins
_ban illuminating history of Mr. Waterhouse Hawkins, artist and lecturer : true dinosaur story in three ages ....
_c Barbara Kerley
260 _a[S.l.]
_bScholastic
_c2001
942 _cBK
999 _c105545
_d105545